000 00794nam a2200217 i 4500
001 71126
003 ES-MaACL
005 20230906171029.0
007 t|
008 040805s1912 fr ||||1| fre d
100 1 _aGaudefroy-Demombynes, Maurice.
_955992
245 1 0 _aManuel d'arabe marocoin avec introduction historique et géographique /
_cMaurice Gaudefroy-Demombynes et L. Mercier.
260 _aParís :
_b[s.n.,
_c1912]
300 _a242 p. ;
_c18 cm.
490 1 _aBibliotheque de l'Ecole Supérieure d'Etudes Arabes et Berbères de Rabat
650 _aLengua árabe-
_zMarruecos.
_9173558
700 1 _aMercier, L.
_980465
830 1 _aBibliotheque de l'Ecole Supérieure d'Etudes Arabes et Berbères de Rabat
_9231060
852 _aES-MaACL
_jF-13565
999 _c71126
_d71126